000 00627cam a22002293a 4500
001 29157
003 PGUSA
005 20140828083630.0
008 090618s2009||||xxu|||||s|||||000 | eng d
040 _aPGUSA
_beng
042 _adc
050 4 _aCJ
100 1 _aLowsley, B.
245 1 4 _aThe Coinages of the Channel Islands
_h[electronic resource] /
_cB. Lowsley
260 _bProject Gutenberg,
_c2009
506 _aPublic domain in the USA.
516 _aElectronic text
653 _aCoins -- Channel Islands
830 0 _aProject Gutenberg
_v29157
856 4 0 _uhttp://www.gutenberg.org/ebooks/29157
942 _cEB
999 _c258412
_d258412